1122 1429 1593 1340 1998 1364 1706 1761 1556 1837 1831 1906 1178 1703 1753 1049 1569 1171 1950 1513 1287 1775 1188 1237 1635 1927 1117 1633 1112 1244 1665 1740 1771 1396 1423 1668 1786 1702 1978 1720 1012 1078 1479 1425 1048 1456 1962 1948 1107 1454 1253 1239 1564 1013 1881 1155 1380 1022 1946 1451 1116 1707 1104 1812 1998 1742 1387 1289 1923 1493 1036 1695 1882 1276 1165 1821 1635 1360 1181 1951 1437 1428 1673 1775 1020 1398 1917 1474 1811 1626 1478 1258 1974 1852 1790 1333 1494 1050 1479 BCNSPRNW ULIB Ver.6.0+V

เปลี่ยนเป็นภาษาไทย

Change to English
 แสดงรายละเอียดบรรณานุกรม
  กลับหน้าหลัก

Brief Record : Get Marc (ISO 2709) : E-mail record : QR code < ปิดหน้าต่าง
LEADER : 00000nam 2200000uu 4500
001    13399111388
003     ULIB
008    110623s||||||||th 000 0 tha d
020    974940503X
050  4 BQ843^bช175ป 2549
245 00 ประวัติท่านพระอาจารย์มั่น ภูริทัตฺโต และมุตโตทัย /^cชมรมกัลยาณธรรม
250    พิมพ์ครั้งที่ 2
260    สมุทรปราการ :^bชมรมกัลยาณธรรม,^c2549
300    181 หน้า :^bภาพประกอบ ;^c18 ซม
600 07 พระมั่น ภูริทตฺโต,^d2413-2492
650  7 สงฆ์^zไทย^vชีวประวัติ
710 2  ชมรมกัลยาณธรรม
945    ^p0^l0^i020921
995    ทศพร
999 ^a ใช้งานได้ทุกระบบ
รายการนี้ยังไม่มีแท็ก
คุณยังไม่ได้ล็อกอิน คุณสามารถมีกิจกรรมร่วมกับเว็บไซต์ได้ แต่ต้องล็อกอินก่อน ::
  ล็อกอิน

รายการสื่อสารสนเทศ

ลำดับที่ ประเภท เลขเรียก/บาร์โค้ด สถานที่ สถานะ
- ไม่พบข้อมูล -

BibComment


ยังไม่เคยถูกคอมเมนท์

คอมเมนท์ทรัพยากรรายการนี้
  คอมเมนท์: ประวัติท่านพระอาจ..


 Copyright 2026. Bcnsprnw @Library